000
00205 a2200097 4500
001
46379
100
_a
245
_a
Air Ministry
260
_a
London
_b
His Majesty's Stationary
_c
090
_c
29498
_d
29498
942
_a
NUST-CAE
_c
M
_c
21666
999
_c
281452
_d
281452